Mierne optimistické očakávania vzostupu
Od nového roka platí v doplnkovom poistení novela zákona, ktorá sprístupňuje tento druh poistenia pre všetkých občanov-zamestnancov. Doplnkové dôchodkové poisťovne však zatiaľ neponúkajú nový produkt. Podiel na trhu doplnkového poistenia. Vstup zahraničného kapitálu do poisťovní.
Salvato in:
| Autore principale: | |
|---|---|
| Natura: | Capitolo di libro |
| Lingua: | slovacco |
| Soggetti: | |
| Tags: |
Nessun Tag, puoi essere il primo ad aggiungerne!!
|
MARC
| LEADER | 00000naa a2200000 4500 | ||
|---|---|---|---|
| 001 | r040526 | ||
| 005 | 20230920072650.9 | ||
| 041 | 0 | |a slo | |
| 044 | |a SK | ||
| 245 | 1 | 0 | |a Mierne optimistické očakávania vzostupu |c Dagmar Krištofičová |
| 520 | |a Od nového roka platí v doplnkovom poistení novela zákona, ktorá sprístupňuje tento druh poistenia pre všetkých občanov-zamestnancov. Doplnkové dôchodkové poisťovne však zatiaľ neponúkajú nový produkt. Podiel na trhu doplnkového poistenia. Vstup zahraničného kapitálu do poisťovní. | ||
| 610 | 2 | 0 | |a poistenie doplnkové |
| 610 | 2 | 0 | |a poistenie dôchodkové |
| 610 | 2 | 0 | |a trh poistný |
| 610 | 2 | 0 | |a dôchodcovia |
| 610 | 2 | 0 | |a kapitál zahraničný |
| 610 | 2 | 0 | |a poisťovne |
| 610 | 2 | 0 | |a Slovensko |
| 100 | 1 | |a Krištofičová, Dagmar | |